000
00289nam a22001337a 4500
008
180927b xxu||||| |||| 00| 0 eng d
020
_a
9780073054612
041
_a
eng
080
_a
611
100
_a
7
101
_a
ANA
245
_a
Anatomy Physiology
_c
Michael.P.M
942
_2
udc
_c
BK
999
_c
48637
_d
48637